[Event "1st Irena Warakomska Memorial"]
[Site "Suwalki"]
[Date "2017.08.17"]
[Round "8"]
[White "Czerw, Dawid"]
[Black "Czerwonski, Aleksander"]
[Result "1/2-1/2"]
[WhiteElo "2222"]
[BlackElo "2392"]
[Annotator "NA"]
[PlyCount "56"]
[EventDate "2017.??.??"]
[EventType "swiss"]
[EventCountry "POL"]
[SourceTitle "playchess.com"]
[Source "ChessBase"]
[SourceQuality "1"]
[TimeControl "40/5400+30:1800+30"]

1. d4 {[%emt 0:00:00]} Nf6 {[%emt 0:00:11]} 2. c4 {[%emt 0:00:00]} e6 {[%emt 0:00:21]} 3. Nf3 {[%emt 0:00:00]} d5 {[%emt 0:02:01]} 4. g3 {[%emt 0:00:17]} dxc4 {[%emt 0:00:58]} 5. Bg2 {[%emt 0:00:58]} c5 {[%emt 0:01:06]} 6. O-O {[%emt 0:01:11]} Nc6 {[%emt 0:00:34]} 7. dxc5 {[%emt 0:08:47]} Qxd1 {[%emt 0:04:20]} 8. Rxd1 {[%emt 0:00:05]} Bxc5 {[%emt 0:00:19]} 9. Nbd2 {[%emt 0:00:20]} c3 {[%emt 0:14:17]} 10. bxc3 {[%emt 0:00:05]} O-O {[%emt 0:00:15]} 11. Nb3 {[%emt 0:03:05]} Be7 {[%emt 0:01:27]} 12. Nfd4 {[%emt 0:01:53]} Bd7 {[%emt 0:04:46]} 13. Nxc6 {[%emt 0:03:23]} Bxc6 {[%emt 0:02:01]} 14. Bxc6 {[%emt 0:00:05]} bxc6 {[%emt 0:00:01]} 15. c4 {[%emt 0:01:13]} Ne4 {[%emt 0:12:31]} 16. Bb2 {[%emt 0:05:59]} a5 {[%emt 0:11:48]} 17. f3 {[%emt 0:03:09]} Nd6 {[%emt 0:01:22]} 18. Ba3 {[%emt 0:02:45]} a4 {[%emt 0:02:09]} 19. Bxd6 {[%emt 0:18:19]} Bxd6 {[%emt 0:00:31]} 20. Rxd6 {[%emt 0:00:23]} axb3 {[%emt 0:00:10]} 21. Rxc6 {[%emt 0:00:44]} Rfb8 {[%emt 0:02:45]} 22. c5 {[%emt 0:11:43]} Rxa2 {[%emt 0:17:59]} 23. Rb1 {[%emt 0:00:07]} g5 {[%emt 0:00:07]} 24. Rb6 {[%emt 0:05:43]} Rc8 {[%emt 0:02:42]} 25. R6xb3 {[%emt 0:02:21]} Rxe2 {[%emt 0:01:23]} 26. Rc3 {[%emt 0:03:17]} Rd8 {[%emt 0:04:36]} 27. c6 {[%emt 0:01:23]} Rdd2 {[%emt 0:00:15]} 28. c7 {[%emt 0:00:10]} Rg2+ 1/2-1/2

[Event "1st Irena Warakomska Memorial"]
[Site "Suwalki"]
[Date "2017.08.18"]
[Round "9"]
[White "Mastrovasilis, Dimitrios"]
[Black "Zakrzewski, Marek"]
[Result "1/2-1/2"]
[WhiteElo "2596"]
[BlackElo "2237"]
[Annotator "TA"]
[PlyCount "64"]
[EventDate "2017.??.??"]
[EventType "swiss"]
[EventCountry "POL"]
[SourceTitle "playchess.com"]
[Source "ChessBase"]
[SourceQuality "1"]

{[%evp 25,64,-38,-46,-31,-27,-37,0,0,0,30,0,31,27,17,8,0,0,0,0,0,0,0,0,0,0,0,0,0,0,0,0,0,0,0,0,0,0,0,0,0,0]} 1. e4 c5 2. Nf3 e6 3. d4 cxd4 4. Nxd4 Nc6 5. Nb5 d6 6. Bf4 e5 7. Be3 Nf6 8. Bg5 Be6 9. Bxf6 gxf6 {[%cal Bg7f6,Bf6f5][%mdl 32]} 10. Nd2 a6 11. Nc3 f5 {B44: Sicilian: Taimanov: 5 Nb5} 12. Bc4 (12. exf5 Bxf5 13. Nd5 Bg7 14. Nc4 O-O 15. c3 Be6 16. a4 Rb8 17. g3 Kh8 18. Bg2 f5 19. O-O {½-½ (60) Morozevich,A (2739)-Vitiugov,N (2719) Tromsoe 2013}) 12... Qg5 13. g3 O-O-O {LiveBook: 5 Games. Black is slightly better.} 14. Bd5 Bh6 $146 ({Predecessor:} 14... Qg6 15. Bxc6 bxc6 16. Qe2 Kb7 17. Nb3 Ra8 18. O-O-O fxe4 19. Nxe4 Kc7 20. f3 a5 {½-½ (20) Korneev,O (2565)-Aroshidze,L (2470) Sort 2007}) 15. Nb3 fxe4 16. Nxe4 Qg6 17. Bxc6 bxc6 18. Qe2 Kc7 19. O-O f5 $132 {[%mdl 2048] [#]The position is equal. Black is not keeping still} 20. Nec5 $1 {[%mdl 512]} dxc5 21. Qxe5+ Kc8 22. Qxc5 ({Of course not} 22. Nxc5 Bc4 $17) 22... Bd5 ({Much worse is} 22... Bxb3 23. axb3 Qd6 24. Qc4 $16 (24. Qxf5+ Kb7 $11)) 23. c4 Bf3 24. Nd4 Be4 {[#] Threatens to win with ...Qd6.} 25. Qb6 $1 Rxd4 26. Qxa6+ Kb8 27. Qb6+ Kc8 {Hoping for ...Rhd8.} 28. Qxd4 Rd8 29. Qb6 Qh5 30. Qa6+ Kb8 31. Qb6+ Kc8 {( -> ...Qf3)} 32. Qa6+ Kb8 {Precision: White = 84%, Black = 88%.} 1/2-1/2

[Event "1st Irena Warakomska Memorial"]
[Site "Suwalki"]
[Date "2017.08.18"]
[Round "9"]
[White "Czarnota, Pawel"]
[Black "Lewtak, Damian"]
[Result "1/2-1/2"]
[WhiteElo "2577"]
[BlackElo "2344"]
[Annotator "TA"]
[PlyCount "58"]
[EventDate "2017.??.??"]
[EventType "swiss"]
[EventCountry "POL"]
[SourceTitle "playchess.com"]
[Source "ChessBase"]
[SourceQuality "1"]

{[%evp 33,58,29,63,0,0,0,0,-4,-8,-17,-9,-5,18,-2,-7,-18,-11,-14,0,0,18,0,0,0,0,0,0]} 1. e4 c5 2. Nf3 Nc6 3. d4 cxd4 4. Nxd4 Nf6 5. Nc3 e6 6. Nxc6 bxc6 7. e5 Nd5 8. Ne4 Qc7 9. f4 Qb6 10. c4 Bb4+ 11. Ke2 Ba6 12. Kf3 f5 13. Nf2 Ne7 14. Be3 Bc5 15. Bxc5 {B45: Sicilian Four Knights} Qxc5 16. Qd6 Qxd6 (16... Qa5 17. Be2 g5 18. Rhd1 Rd8 19. g3 g4+ 20. Kg2 c5 21. Kg1 Nc8 22. Qd2 Qb6 {1-0 (31) Areshchenko,A (2656)-Terrieux,K (2440) Grosseto Prugna 2015}) 17. exd6 Ng6 {LiveBook: 4 Games} 18. Re1 ({Better is} 18. c5 $14 Bxf1 19. Rhxf1) 18... c5 $11 {The position is equal.} 19. h4 $146 {[%cal Bh2h4,Bh4h5][%mdl 32]} ({Predecessor:} 19. b3 Rc8 20. h4 O-O 21. Nd3 Bb7+ 22. Ke3 Be4 {0-1 (60) Zulfugarli,M (2388)-Malakhatko,V (2537) Bydgoszcz 1999}) 19... O-O 20. h5 Nh8 21. Nd3 Bxc4 22. Nxc5 Rac8 23. Nxd7 (23. b4 $5 {[%cal Rf1c4]} Bd5+ 24. Kf2 $11) 23... Bd5+ 24. Kg3 Rfd8 25. Ne5 $1 Nf7 26. Ba6 Rb8 27. Nxf7 Kxf7 28. b3 Rxd6 29. Be2 $1 Rc8 1/2-1/2

[Event "1st Irena Warakomska Memorial"]
[Site "Suwalki"]
[Date "2017.08.18"]
[Round "9"]
[White "Markowski, Tomasz"]
[Black "Sadzikowski, Daniel"]
[Result "1/2-1/2"]
[WhiteElo "2552"]
[BlackElo "2594"]
[Annotator "TA"]
[PlyCount "48"]
[EventDate "2017.??.??"]
[EventType "swiss"]
[EventCountry "POL"]
[SourceTitle "playchess.com"]
[Source "ChessBase"]
[SourceQuality "1"]

{[%evp 13,48,0,0,1,4,13,34,47,47,0,0,0,2,0,0,4,15,0,0,0,0,-8,-3,-4,0,-5,-10,-5,-3,-9,0,0,0,-8,-6,-8,-8]} 1. d4 Nf6 2. Nf3 g6 3. e3 Bg7 4. Be2 O-O 5. O-O c5 6. dxc5 {A48: 1 d4 Nf6 2 Nf3 g6: Torre, London and Colle Systems} Na6 7. Bxa6 bxa6 {LiveBook: 6 Games} 8. b3 $146 ({Predecessor:} 8. Nc3 Qc7 9. e4 Bb7 10. Re1 Qxc5 11. Be3 Qc7 12. Qd3 d6 13. Rad1 Rfc8 {½-½ (27) Malakhov,V (2698)-Grischuk,A (2751) Novi Sad 2016}) 8... Qc7 {White must now prevent ...Ng4.} 9. Bb2 a5 (9... Bb7 $5 {[%cal Rf6g4]} 10. Nbd2 Qxc5 $11) 10. Bd4 Re8 11. Nbd2 e5 {The position is equal.} 12. Bb2 {[%cal Bd4b2,Bb2a3,Ba3d6][%mdl 32]} Ba6 13. c4 Qxc5 14. Rc1 Bb7 15. Nb1 Rad8 16. Ba3 Qc6 17. Qd6 Ne4 18. Qxc6 Bxc6 19. Nfd2 Nxd2 20. Nxd2 a4 21. Bd6 axb3 22. axb3 a5 23. Ra1 Ra8 24. Rfc1 Bf8 {Precision: White = 49%, Black = 55%.} 1/2-1/2

[Event "1st Irena Warakomska Memorial"]
[Site "Suwalki"]
[Date "2017.08.18"]
[Round "9"]
[White "Kveinys, Aloyzas"]
[Black "Mihok, Oliver"]
[Result "1/2-1/2"]
[WhiteElo "2548"]
[BlackElo "2534"]
[Annotator "TA"]
[PlyCount "71"]
[EventDate "2017.??.??"]
[EventType "swiss"]
[EventCountry "POL"]
[SourceTitle "playchess.com"]
[Source "ChessBase"]
[SourceQuality "1"]

{[%evp 19,71,0,0,0,0,-25,-31,-37,-32,-22,-26,-31,-18,-35,-33,-70,-76,-80,-68,-66,-46,-54,-59,-87,-39,-43,-41,-103,-5,0,0,-58,-47,-48,-38,-87,-88,-122,-51,-73,-34,-36,-34,-32,0,0,0,0,0,0,8,13,31,0]} 1. e4 c5 2. Nf3 e6 3. g3 Nc6 4. Bg2 Nf6 5. Qe2 e5 6. c3 {B40: Sicilian: 2...e6, Unusual lines} Be7 7. O-O O-O 8. Na3 Re8 9. d3 h6 10. Nc4 Bf8 {LiveBook: 9 Games} 11. a4 d6 12. h3 Be6 13. Bd2 $146 a6 {[%cal Ba7a6,Ba6b5][%mdl 32]} 14. Rfe1 b5 15. axb5 axb5 16. Ne3 Na5 17. Nf5 Nb3 18. Rxa8 Qxa8 19. g4 Nxd2 20. Qxd2 Qa2 21. Nh2 d5 22. exd5 Bxd5 23. g5 {[#]} (23. Ne3 $15) 23... Nh5 (23... Bxg2 $1 $17 24. gxh6 g6 25. Kxg2 Qd5+ 26. Kg1 e4) 24. gxh6 $11 g6 25. Be4 (25. Nh4 $11) 25... Bxe4 $15 ({Weaker is} 25... gxf5 26. Qg5+ Kh8 27. Bxd5 $16) 26. dxe4 Nf4 (26... Qe6 $5 {[%cal Rg6f5]} 27. h7+ Kh8 $15) 27. Ng4 {aiming for Nf6+.} Qe6 ({Don't blunder} 27... Nxh3+ $2 28. Kh2 $18) 28. Nfe3 {[#]} Nxh3+ (28... f5 $1 $17 {[%cal Rf5g4]} 29. h7+ Kh8) 29. Kh2 Ng5 {...Nf3+ is the strong threat.} 30. Kg2 $1 Nxe4 31. Qd5 f5 {Strongly threatening ...Kh7.} 32. f3 $1 fxg4 33. fxe4 Bxh6 34. Nxg4 Bg7 35. Rd1 Kf7 36. Rf1+ {Precision: White = 55%, Black = 59%.} 1/2-1/2

[Event "1st Irena Warakomska Memorial"]
[Site "Suwalki"]
[Date "2017.08.18"]
[Round "9"]
[White "Warakomski, Tomasz"]
[Black "Cukrowski, Filip"]
[Result "1/2-1/2"]
[WhiteElo "2536"]
[BlackElo "2413"]
[Annotator "TA"]
[PlyCount "80"]
[EventDate "2017.??.??"]
[EventType "swiss"]
[EventCountry "POL"]
[SourceTitle "playchess.com"]
[Source "ChessBase"]
[SourceQuality "1"]

{[%evp 14,80,22,0,6,-8,25,16,24,0,27,26,27,17,58,38,44,38,41,35,77,84,87,76,65,87,76,61,61,61,61,61,55,63,90,50,49,36,56,32,32,32,159,154,205,219,184,218,219,213,195,189,225,169,246,0,0,0,0,0,0,0,0,0,0,0,0,0,0]} 1. e4 c5 2. Be2 Nc6 3. f4 e6 4. Nf3 d5 5. d3 dxe4 6. dxe4 {B21: Sicilian: 2 f4 and Morra Gambit} Qxd1+ 7. Bxd1 Nf6 8. Nc3 {LiveBook: 4 Games} Be7 9. e5 Nd7 $146 ({Predecessor:} 9... Nd5 10. Ne4 b6 11. c3 Ba6 12. Be2 Bxe2 13. Kxe2 {0-1 (54) Kogan,A (2548)-Alsina Leal,D (2553) Catalunya 2014}) 10. Ne4 O-O 11. c3 b5 12. Be2 Rb8 13. O-O f6 14. Nd6 fxe5 15. Bxb5 Bxd6 16. Bxc6 e4 17. Ng5 {aiming for Bxd7.} Nf6 {With the idea ...Rb6.} 18. Nxe4 Nxe4 19. Bxe4 g5 {[%cal Rg5f4]} 20. g3 gxf4 21. gxf4 Bb7 22. Bxb7 Rxb7 23. Rf2 Rg7+ 24. Kf1 Rf5 25. Be3 Rg4 26. Ke2 (26. Rd1 $5 {[%cal Rd1d6]} Bxf4 27. Bxf4 Rgxf4 28. Rxf4 Rxf4+ 29. Kg2 $14) 26... Bxf4 27. h3 {[%cal Bh2h3,Bh3g4][%mdl 32]} Rh4 {[#]} (27... Bxe3 $1 $14 28. Rxf5 Rg2+ 29. Kf3 (29. Kxe3 exf5 30. Rf1 Rxb2 $11) 29... Rf2+ 30. Kxe3 Rxf5) 28. Rg1+ $1 $16 Kf7 {[#]} (28... Kh8 $16 {might work better.}) 29. Rg4 $1 $18 {[%cal Rg4h4]} Rxg4 30. hxg4 Bxe3 31. Kxe3 Rxf2 32. Kxf2 {[%mdl 4096] Endgame KP-KP} Kf6 33. Ke3 Ke5 (33... Kg5 {was necessary.}) 34. b4 $2 (34. b3 $18 Kf6 35. a3) 34... cxb4 $11 {The position is equal.} 35. cxb4 {K3P-K3P} h6 36. Kd3 Kf4 37. a4 e5 $1 ({Wrong is} 37... Kxg4 $2 38. a5 $18) 38. b5 Kf3 {...e4+ is the strong threat.} ({Avoid the trap} 38... Kxg4 $2 39. Ke3 $18) 39. Kd2 {Strongly threatening a5.} Kf2 $1 {White must now prevent ...e4.} ({Don't go for} 39... Kxg4 $2 40. a5 $18) 40. Kd3 Kf3 {Precision: White = 74%, Black = 65%.} 1/2-1/2

[Event "1st Irena Warakomska Memorial"]
[Site "Suwalki"]
[Date "2017.08.18"]
[Round "9"]
[White "Ulybin, Mikhail"]
[Black "Kashlinskaya, Alina"]
[Result "1-0"]
[WhiteElo "2518"]
[BlackElo "2440"]
[Annotator "TA"]
[PlyCount "79"]
[EventDate "2017.??.??"]
[EventType "swiss"]
[EventCountry "POL"]
[SourceTitle "playchess.com"]
[Source "ChessBase"]
[SourceQuality "1"]

{[%evp 18,79,23,17,8,10,57,8,22,-27,12,-34,10,-8,-12,-50,-56,-100,-24,-17,97,87,490,494,489,485,614,611,604,606,664,658,674,668,637,500,496,494,480,487,541,541,541,540,534,534,514,504,567,567,551,523,560,552,604,514,641,605,593,577,29977,1660,29998,29999]} 1. d4 Nf6 2. c4 g6 3. Nc3 d5 4. e3 Bg7 5. cxd5 Nxd5 6. Nxd5 {D80: Grünfeld: Unusual White 4th moves and 4 Bg5} Qxd5 7. Ne2 O-O 8. Nc3 Qd6 9. Be2 Nd7 10. O-O {LiveBook: 4 Games} c5 11. d5 e6 $146 ({Predecessor:} 11... a6 12. a4 f5 13. a5 {½-½ (30) Shinkevich,V (2501)-Kurnosov,I (2668) Khanty-Mansiysk 2010}) 12. dxe6 Qxe6 13. Bf3 Nf6 14. Na4 Qf5 15. Qd6 c4 16. Nc5 Ng4 17. Qd5 Be5 ({Better is} 17... Qe5 $17 {[%csl Gg4][%cal Re5h2]} 18. g3 Qc7) 18. h3 $11 Nf6 (18... Nh2 $11 {remains equal.} 19. Be4 Qg5) 19. Qxc4 $16 {[#] Threatens to win with e4.} Rd8 $2 {[%mdl 8192]} (19... Nd7 $16 {is more resistant.}) 20. e4 $18 Be6 21. Qc2 ({Not} 21. exf5 Bxc4 22. Nxb7 Rd3 $16) 21... Bh2+ 22. Kxh2 Qe5+ 23. Kg1 Rac8 24. b4 Qxa1 25. Bb2 Qxa2 26. Ra1 Qc4 27. Qxc4 Bxc4 28. Bxf6 Rd6 29. e5 Rb6 30. Rxa7 Rxb4 31. Bxb7 Rb8 32. Bf3 R4b5 33. Nd7 Rc8 34. Bb7 Re8 35. Bc6 Rb1+ 36. Kh2 Bb5 37. Bd5 Rd1 38. Nb6 Rb8 39. Rxf7 (39. Bxf7+ $142 Kf8 40. Bb3 Rxb6 41. Rxh7 Bc4 42. Rh8+ Kf7 43. Bxc4+ Re6 44. Rh7+ Kg8 45. Rg7+ Kh8 46. Bxe6 Rh1+ 47. Kxh1 g5 48. Re7#) 39... Rxb6 40. Rg7+ {Precision: White = 56%, Black = 17%.} 1-0

[Event "1st Irena Warakomska Memorial"]
[Site "Suwalki"]
[Date "2017.08.18"]
[Round "9"]
[White "Jakubowski, Krzysztof"]
[Black "Vetoshko, Volodymyr"]
[Result "1/2-1/2"]
[WhiteElo "2515"]
[BlackElo "2517"]
[Annotator "TA"]
[PlyCount "56"]
[EventDate "2017.??.??"]
[EventType "swiss"]
[EventCountry "POL"]
[SourceTitle "playchess.com"]
[Source "ChessBase"]
[SourceQuality "1"]

{[%evp 26,56,40,35,61,52,66,60,41,33,34,15,27,21,29,4,32,22,106,96,138,148,150,143,137,79,54,23,23,14,13,13,10]} 1. d4 d5 2. c4 e6 3. Nc3 Nf6 4. Nf3 Be7 5. cxd5 exd5 6. Bg5 c6 7. Qc2 Nbd7 8. e3 O-O 9. Bd3 Re8 10. O-O Nf8 11. h3 Nh5 12. Bxe7 Qxe7 13. Rab1 a5 {D36: Queen's Gambit Declined: Exchange Variation: Main line (5 Bg5 c6 6 Qc2)} 14. a3 {LiveBook: 8 Games} Nf6 {[#]} (14... g6 15. Rfc1 Qf6 16. Qd1 Ne6 17. Ne5 Ng5 18. Rc2 Ng7 19. b4 axb4 20. axb4 Qd6 21. h4 {½-½ (29) Grigoriants,S (2582)-Najer,E (2648) Ramenskoe 2006}) 15. Na4 $146 ({Find the theoretical novelty and annotate with similar games:} 15. b4 axb4 16. axb4 Ne4 17. Bxe4 dxe4 18. Nd2 Bf5 19. Ne2 Rac8 20. Rfc1 Ng6 21. Qc5 {1-0 (55) Iotov,V (2519)-Zakarian,D (2346) Kalamaria 2008}) 15... Be6 {White is slightly better.} 16. Nc5 Rec8 17. Rfc1 b6 18. Nxe6 (18. Na4 $5 {[%cal Ra4b6]} Qc7 19. Ra1 $14) 18... Nxe6 19. b4 axb4 20. Rxb4 Qc7 21. Qb1 Rxa3 (21... Rab8 $11) 22. Ne5 c5 23. Rxb6 {Strongly threatening Rb7.} Ra1 24. Qxa1 Qxb6 {[#]} 25. dxc5 (25. Bf5 $142 $1) 25... Nxc5 $16 26. Qa3 {Bf5 is the strong threat.} Qe6 27. Rxc5 Rxc5 28. Qxc5 Qxe5 {Precision: White = 36%, Black = 46%.} 1/2-1/2

[Event "1st Irena Warakomska Memorial"]
[Site "Suwalki"]
[Date "2017.08.18"]
[Round "9"]
[White "Leniart, Arkadiusz"]
[Black "Gleizerov, Evgeny"]
[Result "1/2-1/2"]
[WhiteElo "2480"]
[BlackElo "2519"]
[Annotator "TA"]
[PlyCount "34"]
[EventDate "2017.??.??"]
[EventType "swiss"]
[EventCountry "POL"]
[SourceTitle "playchess.com"]
[Source "ChessBase"]
[SourceQuality "1"]

{[%evp 13,23,17,24,27,24,19,18,20,89,77,69,66]} 1. e4 e6 2. d4 d5 3. exd5 exd5 4. Nf3 Nf6 5. Bd3 Be7 6. O-O O-O 7. h3 c5 {LiveBook: 21 Games} 8. dxc5 {C01: French: Exchange Variation} Bxc5 9. Nbd2 Nc6 10. c3 (10. Nb3 Bb6 11. c3 Qd6 12. Nbd4 Nxd4 13. Nxd4 Bc7 14. Nf3 Re8 15. Qc2 Bd7 {0-1 (47) Strebkovs,A (2334)-Gleizerov,E (2526) Serik 2017}) 10... Qd6 {[#]} (10... Qc7 $11) 11. b4 $1 $16 {[%cal Rb4c5]} Bb6 {[#]} 12. Nc4 $1 {[%mdl 512]} {Predecessor:} Qd8 $146 13. Nxb6 Qxb6 14. b5 Ne7 15. Be3 Qc7 16. Qc2 Ng6 17. Bd4 Nh5 {1-0 (37) White,A (2123)-Niebling,F (2197) Dresden 2010} 1/2-1/2

[Event "1st Irena Warakomska Memorial"]
[Site "Suwalki"]
[Date "2017.08.18"]
[Round "9"]
[White "Krzyzanowski, Marcin"]
[Black "Bartel, Mateusz"]
[Result "0-1"]
[WhiteElo "2464"]
[BlackElo "2608"]
[Annotator "TA"]
[PlyCount "80"]
[EventDate "2017.??.??"]
[EventType "swiss"]
[EventCountry "POL"]
[SourceTitle "playchess.com"]
[Source "ChessBase"]
[SourceQuality "1"]

{[%evp 24,80,31,30,49,52,60,3,48,56,39,62,35,47,66,-39,-43,-105,-94,-127,-115,-116,-62,-239,-239,-216,-229,-212,-200,-203,-211,-266,-247,-330,-183,-194,-135,-134,-112,-174,-163,-154,-92,-196,-126,-206,-215,-215,-129,-225,-239,-1139,-1095,-1885,-1585,-29994,-29995,-29996,-29997]} 1. e4 c5 2. Nf3 Nc6 3. d4 cxd4 4. Nxd4 Nf6 5. Nc3 d6 6. Bg5 e6 7. Qd2 a6 8. O-O-O Be7 9. f4 Nxd4 10. Qxd4 b5 11. Bxf6 gxf6 12. e5 d5 13. Kb1 {LiveBook: 73 Games} b4 {B66: Sicilian: Richter-Rauzer: 7...a6 8 0-0-0 h6} (13... Bb7 14. f5 fxe5 15. Qxe5 Bf6 16. Qg3 Qe7 17. fxe6 fxe6 18. Be2 h5 19. a4 h4 20. Qg6+ Qf7 21. Qg4 Rg8 22. Qh3 Rg5 23. Bg4 Ke7 24. Rhe1 Be5 25. Qe3 Rag8 26. Qa7 {1-0 (26) Akopian,V (2679)-Mamedyarov,S (2731) Dresden 2008}) 14. Ne2 Bd7 15. f5 (15. Ng3 $14) 15... fxe5 {The position is equal.} 16. Qxe5 Bf6 17. Qe3 $146 ({Find the theoretical novelty and annotate with similar games:} 17. Qg3 Rc8 18. Nf4 Qc7 19. Qf2 Rf8 20. Bxa6 Ra8 21. Rhe1 {1-0 (36) Khusnutdinova,A (2025)-Kuzmin,E (2171) Samara 2014}) 17... Bg7 $1 18. g4 O-O 19. Nd4 (19. Ng3 $14) 19... exf5 $15 20. Bg2 (20. Bd3 $15) 20... fxg4 $17 21. Bxd5 Rc8 22. Rhf1 Kh8 (22... Qc7 $1 $17 23. Qf2 Qc5) 23. Nf5 $2 ({White must play} 23. Bb7 $1 $15) 23... Bxf5 $1 $19 24. Rxf5 {[#]} Rxc2 $1 {[%mdl 512]} 25. Kxc2 Qc8+ 26. Kb3 Qxf5 27. Bc4 a5 {Hoping for ...a4+!} 28. Rd2 {[#]} Qg6 (28... a4+ $142 $1 29. Kxa4 {[#]} Bxb2 $1 {[%mdl 512]}) 29. Qc5 Ra8 (29... Qh6 $19 30. Qd6 Qe3+ 31. Ka4 f5) 30. Ka4 $17 f5 31. Rd6 (31. Qe7 $17 {was called for.} Bf6 32. Qc7) 31... Qe8+ $19 32. Bb5 Qf8 (32... Qe5 $142 33. Qxe5 Bxe5) 33. Qd5 (33. b3 $17) 33... f4 ({Black should try} 33... b3 $19 34. a3 Bxb2 35. Qxb3 Be5) 34. Rd7 (34. b3 $17) 34... b3 {[%csl Ga5][%cal Rf8b4]} ({Weaker is} 34... Bxb2 35. Qb7 $11) 35. a3 f3 36. Rf7 (36. Qe4 $17 {only move.}) 36... Qg8 37. h3 $2 (37. Qxb3 Rb8 38. Qe6) 37... Rd8 38. Qh5 Rd4+ 39. Kxa5 Qd8+ 40. Ka6 Rd6+ {Precision: White = 16%, Black = 51%.} 0-1

[Event "1st Irena Warakomska Memorial"]
[Site "Suwalki"]
[Date "2017.08.18"]
[Round "9"]
[White "Jarmula, Lukasz"]
[Black "Almasi, Istvan"]
[Result "1/2-1/2"]
[WhiteElo "2457"]
[BlackElo "2408"]
[Annotator "TA"]
[PlyCount "95"]
[EventDate "2017.??.??"]
[EventType "swiss"]
[EventCountry "POL"]
[SourceTitle "playchess.com"]
[Source "ChessBase"]
[SourceQuality "1"]

{[%evp 21,95,53,66,67,64,63,61,64,61,70,62,56,75,70,136,133,137,134,138,127,139,42,50,55,52,51,134,136,163,160,183,72,115,114,123,120,121,112,112,123,121,121,392,184,390,393,381,383,376,46,46,0,48,43,50,36,44,48,40,36,34,40,42,8,8,8,8,8,8,8,8,0,0,0,0,0]} 1. e4 c5 2. Nf3 e6 3. d4 cxd4 4. Nxd4 Nc6 5. Nc3 Qc7 6. Be3 a6 7. Qf3 {B48: Sicilian: Taimanov: 5 Nc3 Qc7 6 Be3 a6 without Be2} (7. Qd2 Nf6 8. O-O-O Be7 9. f4 b5 10. e5 b4 11. exf6 bxc3 12. Qxc3 Bxf6 13. g4 h6 14. h4 Bb7 15. Rh2 Rc8 16. Qd2 Nxd4 17. Bxd4 Bxd4 18. Qxd4 {½-½ (49) Jakovenko,D (2703)-Inarkiev,E (2707) Geneve 2017}) 7... Bd6 8. O-O-O Be5 9. g3 Nf6 10. Qe2 O-O 11. f4 Bxd4 {LiveBook: 5 Games} 12. Bxd4 Nxd4 13. Rxd4 e5 14. fxe5 Qxe5 15. Qd2 $146 b5 16. Bg2 Bb7 17. Rf1 {Rf5 is the strong threat.} Rae8 (17... Rfe8 $14) 18. Rf5 $16 Qe7 19. e5 Bxg2 20. Qxg2 ({Don't play} 20. exf6 Qe1+ 21. Qxe1 Rxe1+ 22. Kd2 Rfe8 $16) 20... b4 21. Na4 (21. exf6 $16 Qe3+ 22. Qd2 bxc3 23. bxc3) 21... Qe6 $14 22. Qf2 $1 Nd5 {[%cal Bf6d5,Bd5e3,Be3c4][%mdl 32] Threatens to win with ...Ne7.} 23. Nc5 Qh6+ ({Black should play} 23... Qc6 $14 24. Qg2 Qxc5 25. Qxd5 Qb6) 24. Qd2 $1 $16 {[%cal Rd2h6]} Ne3 25. Rh4 Qg6 26. Rfh5 (26. Rf3 $18 Ng4 27. Nxd7) 26... Nc4 27. Qxb4 $40 {[%mdl 128] White wants a kill.} Nxe5 {aiming for ...Nf3.} 28. Rxh7 {[%csl Gh4][%cal Rh7h8]} Qg5+ {[#]} 29. Qf4 $1 ({Reject} 29. Kb1 $6 Ng6 $11) 29... Qxf4+ 30. gxf4 {[%csl Gh4][%cal Rh7h8]} Ng6 {[#]} 31. R4h5 $1 {Strongly threatening f5.} Re1+ (31... f5 $16 {was necessary.}) 32. Kd2 $18 Rfe8 $2 (32... Rf1) 33. f5 R8e2+ 34. Kc3 Rc1 35. fxg6 $2 (35. Kb4 $18) 35... fxg6 $14 36. Rh8+ Kf7 37. Rd5 Rexc2+ 38. Kd4 Rc4+ 39. Ke3 Rxc5 40. Rxd7+ {[%mdl 4096] Endgame KRR-KRR} Ke6 41. Rxg7 Kf6 42. Rhg8 Re5+ {The position is equal.} 43. Kd4 Rd1+ 44. Kc3 Rc5+ 45. Kb3 Rb5+ $1 46. Kc4 Rc1+ 47. Kd4 Rd1+ 48. Kc4 {Precision: White = 61%, Black = 56%.} (48. Ke4 $5 {[%cal Rg7g6]}) 1/2-1/2